000 00376nam a2200145Ia 4500
008 100122s9999 xx 000 0 und d
082 _b42537
_a823
100 _aराजे शैलजा
245 _aसौदा
260 _bअरविंद तेंडूलकर
_c1989
300 _a172
630 _aसौदा
730 _aसौदा
942 _cBOOK
999 _c422918
_d422915